Lenguaje y Comunicación 4º Básico: texto del estudiante
Guardat en:
| Autors principals: | , , |
|---|---|
| Format: | Llibre |
| Idioma: | espanyol |
| Publicat: |
Santiago
Santillana del Pacífico S. A de Ediciones
2018
|
| Edició: | 1a. ed |
| Matèries: | |
| Etiquetes: |
Afegir etiqueta
Sense etiquetes, Sigues el primer a etiquetar aquest registre!
|
MARC
| LEADER | 00000cam a2200000 a 4500 | ||
|---|---|---|---|
| 001 | UCC4970 | ||
| 003 | CL-VaPUC | ||
| 008 | 180907e20180000cl |||||||||||||||||spa|d | ||
| 020 | |a 9789561531888 | ||
| 082 | 0 | 4 | |a 372.6 |b COR |2 21 |
| 100 | 0 | |a Correa Ibaceta, María Melania |e author |9 599263 | |
| 700 | 0 | |a Godoy Correa, María Angélica |e author |9 599264 | |
| 700 | 0 | |a Herrera Creixell, María Eugenia |e author |9 599265 | |
| 245 | 1 | 0 | |a Lenguaje y Comunicación 4º Básico: texto del estudiante |
| 250 | |a 1a. ed | ||
| 300 | |a 224 p | ||
| 942 | |c BK | ||
| 945 | |d 20180907 13:03:00 |a dcastane | ||
| 260 | |a Santiago |b Santillana del Pacífico S. A de Ediciones |c 2018 | ||
| 650 | 0 | |a Educación lingüística |9 306506 | |
| 650 | 0 | |a Educación básica |9 224933 | |
| 650 | 0 | |a Libros de texto |9 270019 | |
| 650 | 0 | |a Métodos de enseñanza |9 270413 | |
| 583 | |a last modification |c 20180907 13:03:00 |k Rodrigo Vera | ||
| 999 | |c 372351 |d 372349 | ||
| 952 | |0 0 |1 0 |3 erb |4 0 |6 372_600000000000000_COR_2018 |7 0 |8 A |9 489947 |a BIBEDU |b BIBEDU |i 5499593 |o 372.6 COR 2018 |p 5499593 |r 2019-11-24 |w 2019-11-24 |y BK |z Catalogado en:20180907 |k EPE | ||
| 952 | |0 0 |1 0 |3 erb |4 0 |6 372_600000000000000_COR_2018 |7 0 |8 A |9 489948 |a BIBEDU |b BIBEDU |i 5499585 |o 372.6 COR 2018 |p 5499585 |r 2019-11-24 |w 2019-11-24 |y BK |z Catalogado en:20180907 |k EPE | ||